1306 1260 1899 1325 1909 1402 1865 1749 1668 1312 1413 1796 1059 1231 1305 1885 1101 1408 1498 1470 1181 1250 1181 1915 1135 1661 1377 1205 1926 1817 1913 1843 1846 1013 1985 1750 1356 1213 1999 1388 1353 1683 1505 1167 1325 1662 1685 1251 1756 1874 1749 1908 1624 1644 1247 1757 1080 1331 1327 1015 1482 1889 1181 1697 1405 1678 1195 1259 1705 1442 1935 1552 1638 1600 1381 1616 1292 1029 1645 1411 1298 1204 1674 1312 1367 1330 1953 1316 1766 1555 1532 1010 1675 1298 1768 1370 1799 1559 1038 BCNSPRNW ULIB Ver.6.0+V

เปลี่ยนเป็นภาษาไทย

Change to English
 แสดงรายละเอียดบรรณานุกรม
  กลับหน้าหลัก

Brief Record : Get Marc (ISO 2709) : E-mail record : QR code < ปิดหน้าต่าง
LEADER : 00000nam 2200000uu 4500
001    13399111830
003     ULIB
008    110627s2552||||th 000 0 tha d
020    9786167081175
090    นว.^bม557ช 2552
100 0  มิ่งมาดา
245 00 เชลยรักบัลลังก์ทราย/^cมิ่งมาดา
250    พิมพ์ครั้งที่ 1
260    กรุงเทพฯ :^bSmart book,^c2552
300    275 หน้า
945    ^p200^l0^i026961
945    ^p200^l0^i16987
995    ทศพร
999 ^a ใช้งานได้ทุกระบบ
รายการนี้ยังไม่มีแท็ก
คุณยังไม่ได้ล็อกอิน คุณสามารถมีกิจกรรมร่วมกับเว็บไซต์ได้ แต่ต้องล็อกอินก่อน ::
  ล็อกอิน

รายการสื่อสารสนเทศ

ลำดับที่ ประเภท เลขเรียก/บาร์โค้ด สถานที่ สถานะ
1. นวนิยาย
นวนิยาย
นว. ม557ช 2552 ฉ.1 
  Barcode: 16987
ห้องสมุดวิทยาเขตสวรรค์ประชารักษ์
►นวนิยาย
บนชั้น
  ขอยืม

BibComment


ยังไม่เคยถูกคอมเมนท์

คอมเมนท์ทรัพยากรรายการนี้
  คอมเมนท์: เชลยรักบัลลังก์ทร..


 Copyright 2026. Bcnsprnw @Library